000 00847nam a2200253Ia 4500
003 OSt
005 20220930202452.0
006 a|||||r|||| 00| 0
007 ta
008 220926b |||||||| |||| 00| 0 eng d
024 _a27210
037 _cDissertations
040 _aCRL
_cCRL
_beng
041 _2eng
_aeng
100 _aKhurshid Anwer
_9564803
110 _aUniversity of Delhi. Faculty of Medical Sciences. Department of Orthopaedics
_9519703
245 0 _aGrowth increase by epiphyseal stimulation
_b An experimental study
260 _c1983
650 _aORTHOPEDICS
_9519704
700 _a Dr J S Makhani Supervisor
_9526268
700 _aUniversity of Delhi. Faculty of Medical Sciences. Department of Orthopaedics
_9519706
942 _cDIS
_2CC
999 _c903205
_d903205